000 00230nam a22000857a 4500
008 161215b xxu||||| |||| 00| 0 eng d
100 _92060
_aKhan,S.H. et al
245 _aOur country India -IV (E.V.S)
260 _aNEW DELHI
_bNCERT
_c2001
999 _c4931
_d4931